Kiểm tra đánh giá kiến thức của sinh viên trong dạy học lý luận dạy học vật lý /

Zapisane w:
Opis bibliograficzny
1. autor: Lê Thị Oanh.
Format: Artykuł
Język:Vietnamese
Etykiety: Dodaj etykietę
Nie ma etykietki, Dołącz pierwszą etykiete!
Thư viện lưu trữ: Thư viện Trường Đại học Đà Lạt
LEADER 00744nam a2200229 4500
001 DLU120138497
005 ##20120712
040 # # |a DLU  |b vie 
041 # # |a vie 
044 # # |a vn 
100 # # |a Lê Thị Oanh. 
245 # # |a Kiểm tra đánh giá kiến thức của sinh viên trong dạy học lý luận dạy học vật lý /  |c Lê Thị Oanh. 
773 # # |t Thông báo khoa học của các Trường Đại học: khoa học giáo dục  |g 1998, tr. 68-71 
920 # # |a Phòng Tạp chí -- Trung tâm Thông tin - Thư viện Trường Đại học Đà Lạt 
994 # # |a DLU 
900 # # |a True 
911 # # |a Nguyễn Thị Tưởng 
925 # # |a G 
926 # # |a A 
927 # # |a BB 
980 # # |a Thư viện Trường Đại học Đà Lạt